Catalog

Record Details

Catalog Search



Living on the wind : across the hemisphere with ... Read More

Available copies

  • 1 of 1 copy available at LARL/NWRL Consortium.

Current holds

0 current holds with 1 total copy.

Show Only Available Copies
Location Call Number / Copy Notes Barcode Shelving Location Status Due Date
Red Lake Falls Public Library 598.156 WEI (Text) 35500002650230 Main Available -

Record details

  • ISBN: 0865475431 (alk. paper)
  • Physical Description: xii, 420 p. : maps ; 24 cm.
  • Publisher: New York : North Point Press, 1999.

Content descriptions

Bibliography, etc. Note:
Includes bibliographical references (p. [375]-398) ... Read More
Subject: Birds > Migration.
LDR 01016cam a2200265Ia 4500
00126169
003LARL_NWRL_CONSORTIUM
00519990511150653.0
008990108s1999 nyub b 001 0 eng
010 . ‡a99011693
020 . ‡a0865475431 (alk. paper)
035 . ‡a(OCoLC)40645984
040 . ‡aDLC ‡cDLC ‡dC#P
08200. ‡a598.156/8 ‡221
092 . ‡a598.156 ‡bWei
1001 . ‡aWeidensaul, Scott. ‡0(LARL_NWRL_CONSORTIUM)154092
24510. ‡aLiving on the wind : ‡bacross the hemisphere with migratory birds / ‡cScott Weidensaul.
260 . ‡aNew York : ‡bNorth Point Press, ‡c1999.
300 . ‡axii, 420 p. : ‡bmaps ; ‡c24 cm.
504 . ‡aIncludes bibliographical references (p. [375]-398) and index.
650 0. ‡aBirds ‡xMigration. ‡0(LARL_NWRL_CONSORTIUM)15046
901 . ‡a26169 ‡bOCLC ‡c26169 ‡tbiblio

Additional Resources